[Event "ARG-ch U18 Girls"]
[Site "Ibague"]
[Date "2024.03.16"]
[Round "4"]
[White "Gomez Cerrato, Angie Valentina"]
[Black "Lopez Mahecha, Natalia"]
[Result "0-1"]
[WhiteElo "1560"]
[BlackElo "1625"]
[PlyCount "122"]
[EventDate "2024.03.14"]
[EventType "swiss"]
[EventRounds "7"]
[EventCountry "COL"]
[SourceTitle "CB12_2024"]
[SourceDate "2023.10.01"]
[SourceVersion "1"]
[SourceVersionDate "2023.10.01"]
[SourceQuality "1"]

1. d4 d5 2. Bf4 Nf6 3. Nf3 Bf5 4. e3 e6 5. Bd3 Bg6 6. c3 c5 7. Bb5+ Nbd7 8. Ne5 a6 9. Nxg6 fxg6 10. Be2 c4 11. Nd2 Be7 12. 0-0 0-0 13. Bf3 Rc8 14. Rc1 Qe8 15. b3 b5 16. bxc4 dxc4 17. Bb7 Nh5 18. Bxc8 Qxc8 19. Qg4 Nxf4 20. exf4 Nf6 21. Qe2 Nd5 22. g3 Ba3 23. Rc2 Re8 24. Re1 Qc7 25. Qf3 Qb6 26. Nb1 Bd6 27. Rce2 Kf7 28. Qg4 h5 29. Qh3 Bc7 30. f5 gxf5 31. Qxh5+ Kf8 32. Qg6 Nf6 33. d5 Ne4 34. Kh1 Nxf2+ 35. Kg2 Ne4 36. dxe6 Qxe6 37. Qxe6 Rxe6 38. Nd2 Ba5 39. Nb1 Rd6 40. Re3 g6 41. Kf3 Bb6 42. R3e2 Rd3+ 43. Kg2 Kf7 44. g4 Kf6 45. gxf5 gxf5 46. Rf1 Kg5 47. Rf3 Rd1 48. Na3 Rg1+ 49. Kh3 Kg6 50. Rg2+ Ng5+ 51. Kg3 Bc7+ 52. Kf2 Rxg2+ 53. Kxg2 Nxf3 54. Kxf3 Bxh2 55. Nc2 Be5 56. Nd4 b4 57. Nc2 Bxc3 58. Ke3 a5 59. Kf4 a4 60. Ke3 Kg5 61. Nxb4 Bxb4 0-1